000 00458nam a2200169 a 4500
005 20140310183441.0
008 080522s19uu xx 00 eng d
020 _a0821773704
050 _aPS 3573
_b.Sm642 2002
100 _aSmith, Annie
245 _aHome again :
_blet your heart lead the way /
_cAnnie Smith.
260 _aNew York :
_bZebra Books,
_c2002.
300 _a381 p. :
_c18 cm.
650 _aFiction.
942 _cBK
_2lcc
999 _c23123
_d23123